| 000 | 00933nam a2200253 i 4500 | ||
|---|---|---|---|
| 001 | bg | ||
| 100 | 1 | _aMAJCHERCZYK, Tadeusz | |
| 245 | 1 | 0 |
_aZarys fizyki skał i gruntów budowlanych / _cTadeusz Majcherczyk. |
| 260 |
_aKraków : _bWydaw. Instytutu Gospodarki Surowcami Mineralnymi i Energią PAN, _c2000. |
||
| 300 |
_a203, [1] : _bil. ; _c24 cm. |
||
| 490 | 1 |
_aBiblioteka Szkoły Eksploatacji Podziemnej. Seria z Lampką Górniczą ; _vnr 5 |
|
| 504 | _aBibliogr. | ||
| 650 | 9 |
_aSkały _xfizyka |
|
| 650 | 9 |
_aGrunt _xfizyka |
|
| 830 | 0 |
_aBiblioteka Szkoły Eksploatacji Podziemnej. _pSeria z Lampką Górniczą |
|
| 020 | _a8387854379 | ||
| 040 | _cBPK | ||
| 041 | 0 | _apol | |
| 080 | _a552:624.131:550.3 | ||
| 920 | _a83-87854-37-9 | ||
| 942 | _cKS | ||
| 008 | s pl f |000 0 pol | ||
| 999 |
_c42881 _d42881 |
||
| 856 |
_uhttp://koha.tu.koszalin.pl/cgi-bin/koha/opac-detail.pl?biblionumber=42881 _yKatalog online BPK |
||